| Tag |
First Indicator |
Second Indicator |
Subfields |
| LEADER |
00000cam a2200000 i 4500 |
| 001 |
in00004771372 |
| 006 |
m o d |
| 007 |
cr cn|---unuuu |
| 008 |
191209t20202020enk ob 001 0 eng d |
| 005 |
20240206230852.8 |
| 035 |
|
|
|a (OCoLC)on1130060746
|
| 040 |
|
|
|a CAMBR
|b eng
|e rda
|e pn
|c CAMBR
|d OCLCO
|d OCLCF
|d YDX
|d HS0
|d EQF
|d OCLCQ
|d UMC
|d OCLCO
|d K6U
|d OCL
|d OKU
|d OCLCO
|d OCLCQ
|d OCLCO
|d OCLCL
|
| 019 |
|
|
|a 1165344176
|a 1165845445
|a 1166261385
|
| 020 |
|
|
|a 9781108661690
|q (electronic bk.)
|
| 020 |
|
|
|a 1108661696
|q (electronic bk.)
|
| 020 |
|
|
|z 9781108724753
|q (paperback)
|
| 024 |
7 |
|
|a 10.1017/9781108661690
|2 doi
|
| 035 |
|
|
|a (OCoLC)1130060746
|z (OCoLC)1165344176
|z (OCoLC)1165845445
|z (OCoLC)1166261385
|
| 050 |
|
4 |
|a JF1525.P6
|b S764 2020
|
| 082 |
0 |
4 |
|a 320.6
|2 23
|
| 049 |
|
|
|a TXAM
|
| 100 |
1 |
|
|a Stone, Diane,
|d 1964-
|e author.
|1 https://id.oclc.org/worldcat/entity/E39PBJhd7XvgkcF9qPbBvqY9Dq
|
| 245 |
1 |
0 |
|a Making global policy /
|c Diane Stone.
|
| 264 |
|
1 |
|a Cambridge, United Kingdom :
|b Cambridge University Press,
|c 2020.
|
| 300 |
|
|
|a 1 online resource (89 pages)
|
| 336 |
|
|
|a text
|b txt
|2 rdacontent
|
| 337 |
|
|
|a computer
|b c
|2 rdamedia
|
| 338 |
|
|
|a online resource
|b cr
|2 rdacarrier
|
| 490 |
1 |
|
|a Cambridge elements. Elements in public policy ;
|x 2398-4058
|
| 504 |
|
|
|a Includes bibliographical references (pages 74-89) and index.
|
| 505 |
0 |
|
|a Public policy for global problems -- Creating global policy : public and private constructions -- Transnational networks : policy in partnership -- Global policy persuasion : from evidence-based policy to science diplomacy -- Navigating global policy processes.
|
| 520 |
|
|
|a Global policy making is taking shape in a wide range of public sector activities managed by transnational policy communities. Public policy scholars have long recognised the impact of globalisation on the industrialised knowledge economies of OECD states, as well as on social and economic policy challenges faced by developing and transition states. But the focus has been on domestic politics and policy. Today, policy studies literature is building new concepts of 'transnational public-private partnership', 'trans-governmentalism' and 'science diplomacy' to account for rapid growth of global policy networks and informal international organisations delivering public goods and services. This Element goes beyond traditional texts which focus on public policy as an activity of states to outline how global policy making has driven many global and regional transformations over the past quarter-century.
|
| 588 |
0 |
|
|a Online resource; title from PDF title page (publisher's website, viewed March 24, 2021).
|
| 650 |
|
0 |
|a Political planning.
|
| 650 |
|
0 |
|a Public administration
|x International cooperation.
|
| 650 |
|
0 |
|a Globalization.
|
| 650 |
|
6 |
|a Politique publique.
|
| 650 |
|
6 |
|a Administration publique (Science)
|x Coopération internationale.
|
| 650 |
|
6 |
|a Mondialisation.
|
| 650 |
|
7 |
|a globalism.
|2 aat
|
| 650 |
|
7 |
|a Globalization
|2 fast
|
| 650 |
|
7 |
|a Political planning
|2 fast
|
| 650 |
|
7 |
|a Public administration
|x International cooperation
|2 fast
|
| 655 |
|
7 |
|a Electronic books.
|2 local
|
| 710 |
2 |
|
|a Cambridge University Press,
|e publisher.
|
| 710 |
2 |
|
|a Cambridge University Press.
|
| 776 |
0 |
8 |
|i Print version:
|a Stone, Diane, 1964-
|t Making global policy.
|d Cambridge, UK ; New York, NY : Cambridge University Press, [2020]
|z 1108724752
|w (OCoLC)1120785077
|
| 830 |
|
0 |
|a Cambridge elements.
|p Elements in public policy,
|x 2398-4058
|
| 856 |
4 |
0 |
|u https://doi.org/10.1017/9781108661690
|z Connect to the full text of this electronic book
|t 0
|
| 955 |
|
|
|a Cambridge Open Access ebooks
|
| 994 |
|
|
|a 92
|b TXA
|
| 999 |
f |
f |
|s 12a297b6-d783-4e4f-bde9-6d5a5b3f6f82
|i 3ba5db3b-21fe-4b3e-82dd-2133aac057a3
|t 0
|
| 952 |
f |
f |
|a Texas A&M University
|b College Station
|c Electronic Resources
|d Available Online
|t 0
|e JF1525.P6 S764 2020
|h Library of Congress classification
|
| 998 |
f |
f |
|a JF1525.P6 S764 2020
|t 0
|l Available Online
|